2000 NFL Pro Bowlers - Statistics

General Stats
  • This quiz has been taken 7 times
  • The average score is 23 of 97
Answer Stats
Position/Conference Answer Team % Correct
AFC Quarterback Peyton Manning Indianapolis Colts
100%
AFC Quarterback Rich Gannon Oakland Raiders
100%
AFC Quarterback Steve McNair Tennessee Titans
100%
AFC Running Back Corey Dillon Cincinnati Bengals
75%
NFC Quarterback Daunte Culpepper Minnesota Vikings
75%
NFC Quarterback Donovan McNabb Philadelphia Eagles
75%
AFC Running Back Eddie George Tennessee Titans
75%
AFC Running Back Edgerrin James Indianapolis Colts
75%
NFC Quarterback Jeff Garcia San Francisco 49ers
75%
AFC Wide Receiver Jimmy Smith Jacksonville Jaguars
75%
NFC Quarterback Kurt Warner St. Louis Rams
75%
NFC Running Back Marshall Faulk St. Louis Rams
75%
AFC Wide Receiver Marvin Harrison Indianapolis Colts
75%
NFC Running Back Robert Smith Minnesota Vikings
75%
AFC Wide Receiver Rod Smith Denver Broncos
75%
AFC Tight End Tony Gonzalez Kansas City Chiefs
75%
AFC Quarterback Brian Griese Denver Broncos
50%
AFC Cornerback Charles Woodson Oakland Raiders
50%
NFC Wide Receiver Cris Carter Minnesota Vikings
50%
NFC Wide Receiver Isaac Bruce St. Louis Rams
50%
AFC Defensive End Jason Taylor Miami Dolphins
50%
AFC Offensive Tackle Jonathan Ogden Baltimore Ravens
50%
AFC Linebacker Junior Seau San Diego Chargers
50%
NFC Offensive Guard Larry Allen Dallas Cowboys
50%
NFC Fullback Mike Alstott Tampa Bay Buccaneers
50%
NFC Wide Receiver Randy Moss Minnesota Vikings
50%
AFC Linebacker Ray Lewis Baltimore Ravens
50%
AFC Safety Rod Woodson Baltimore Ravens
50%
NFC Wide Receiver Terrell Owens San Francisco 49ers
50%
NFC Wide Receiver Torry Holt St. Louis Rams
50%
NFC Running Back Warrick Dunn Tampa Bay Buccaneers
50%
AFC Linebacker Zach Thomas Miami Dolphins
50%
AFC Offensive Guard Bruce Matthews Tennessee Titans
25%
AFC Quarterback Elvis Grbac Kansas City Chiefs
25%
AFC Tight End Frank Wycheck Tennessee Titans
25%
NFC Defensive End Joe Johnson New Orleans Saints
25%
NFC Offensive Tackle Orlando Pace St. Louis Rams
25%
AFC Cornerback Samari Rolle Tennessee Titans
25%
NFC Running Back Stephen Davis Washington Redskins
25%
AFC Offensive Tackle Tony Boselli Jacksonville Jaguars
25%
AFC Safety Blaine Bishop Tennessee Titans
0%
AFC Offensive Tackle Brad Hopkins Tennessee Titans
0%
NFC Linebacker Brian Urlacher Chicago Bears
0%
AFC Safety Brock Marion Miami Dolphins
0%
NFC Tight End Chad Lewis Philadelphia Eagles
0%
NFC Cornerback Champ Bailey Washington Redskins
0%
NFC Running Back Charlie Garner San Francisco 49ers
0%
AFC Punter Darren Bennett San Diego Chargers
0%
NFC Safety Darren Sharper Green Bay Packers
0%
NFC Linebacker Derrick Brooks Tampa Bay Buccaneers
0%
AFC Returner Derrick Mason Tennessee Titans
0%
NFC Returner Desmond Howard Detroit Lions
0%
NFC Cornerback Donnie Abraham Tampa Bay Buccaneers
0%
AFC Wide Receiver Eric Moulds Buffalo Bills
0%
NFC Defensive End Hugh Douglas Philadelphia Eagles
0%
AFC Linebacker Jason Gildon Pittsburgh Steelers
0%
NFC Center Jeff Christy Tampa Bay Buccaneers
0%
NFC Linebacker Jeremiah Trotter Philadelphia Eagles
0%
NFC Linebacker Jessie Armstead New York Giants
0%
AFC Defensive End Jevon Kearse Tennessee Titans
0%
NFC Wide Receiver Joe Horn New Orleans Saints
0%
NFC Safety John Lynch Tampa Bay Buccaneers
0%
NFC Linebacker Keith Mitchell New Orleans Saints
0%
AFC Center Kevin Mawae New York Jets
0%
NFC Offensive Tackle Korey Stringer Minnesota Vikings
0%
NFC Defensive Tackle La'Roi Glover New Orleans Saints
0%
AFC Special Teamer Larry Izzo Miami Dolphins
0%
AFC Offensive Tackle Lincoln Kennedy Oakland Raiders
0%
NFC Defensive Tackle Luther Elliss Detroit Lions
0%
NFC Defensive End Marco Coleman Washington Redskins
0%
NFC Linebacker Mark Fields New Orleans Saints
0%
NFC Kicker Martin Gramatica Tampa Bay Buccaneers
0%
NFC Center Matt Birk Minnesota Vikings
0%
AFC Kicker Matt Stover Baltimore Ravens
0%
NFC Special Teamer Michael Bates Carolina Panthers
0%
AFC Linebacker Mo Lewis New York Jets
0%
NFC Offensive Guard Randall McDaniel Tampa Bay Buccaneers
0%
AFC Fullback Richie Anderson New York Jets
0%
NFC Safety Robert Griffith Minnesota Vikings
0%
NFC Offensive Guard Ron Stone New York Giants
0%
AFC Offensive Guard Ruben Brown Buffalo Bills
0%
AFC Defensive Tackle Sam Adams Baltimore Ravens
0%
AFC Linebacker Sam Cowart Buffalo Bills
0%
AFC Cornerback Sam Madison Miami Dolphins
0%
NFC Punter Scott Player Arizona Cardinals
0%
NFC Tight End Stephen Alexander Washington Redskins
0%
NFC Linebacker Stephen Boyd Detroit Lions
0%
AFC Offensive Guard Steve Wisniewski Oakland Raiders
0%
AFC Defensive Tackle Ted Washington Buffalo Bills
0%
AFC Center Tim Ruddy Miami Dolphins
0%
AFC Center Tom Nalen Denver Broncos
0%
AFC Defensive End Trace Armstrong Miami Dolphins
0%
AFC Defensive Tackle Trevor Pryce Denver Broncos
0%
NFC Cornerback Troy Vincent Philadelphia Eagles
0%
NFC Defensive Tackle Warren Sapp Tampa Bay Buccaneers
0%
NFC Offensive Tackle Willie Roaf New Orleans Saints
0%
AFC Offensive Guard Will Shields Kansas City Chiefs
0%
No matching quizzes found
Score Distribution
Percent of People with Each Score
Percentile by Number Answered
Your Score History
You have not taken this quiz